000
00289nam a22001337a 4500
008
181016b xxu||||| |||| 00| 0 eng d
020
_a
9780813120515
041
_a
eng
080
_a
701
100
_a
44
101
_a
ART
245
_a
The Tennessee Valley
_c
Kollar,R
942
_2
udc
_c
BK
999
_c
49808
_d
49808